Statistics for Hozier - Francesca (Lyrics)

Click here to take the quiz!

General Stats

  • This quiz has been taken 119 times
  • The average score is 251 of 302

Answer Stats

Answer% Correct
I
99%
A
97%
a
97%
the
97%
you
97%
you,
97%
do
96%
Do
96%
It
96%
it"
96%
it
96%
me
96%
would
96%
back
95%
I'd
95%
in
95%
"Put
95%
again
94%
could
94%
give
94%
think
94%
think,
94%
them,
92%
so
91%
tell
91%
up
91%
up?
91%
If
89%
darling,
87%
that
87%
That
87%
was
87%
for
85%
For
85%
How
85%
scare
85%
easily?
84%
hold
84%
my
84%
My
84%
to
84%
go
82%
love
82%
on
82%
at
81%
be
81%
minute
81%
not
81%
through
81%
end
80%
of
80%
Of
80%
life
78%
born
77%
this
77%
any
76%
asked
76%
from
76%
like
76%
Like
76%
since
76%
still
76%
thing
76%
hurricane?
75%
someone
75%
and
73%
one
73%
storm
73%
is
72%
it's
71%
shook
71%
surprised
71%
all
70%
fear
70%
find
70%
There's
70%
done
68%
heart
68%
brink
67%
change
67%
Now
67%
away
65%
cancer
65%
too
65%
When
65%
body
63%
grows
63%
might've
63%
said
63%
your
63%
break
62%
Heaven
62%
part
62%
ripped
62%
Each
61%
each
61%
piece
61%
soon
61%
where
61%
house
59%
taking
59%
we'd
59%
know
58%
side
57%
takes
57%
far
56%
What
56%
fit
54%
grip
54%
things?
54%
knew
53%
never
53%
peace
53%
Though
53%
time
49%
cease,
48%
good
48%
Or
47%
ours
46%

Score Distribution

Percentile by Number Answered

Percent of People with Each Score

Your Score History

You have not taken this quiz